Pays du monde par la première lettre - Statistiques

Statistiques générales
  • Ce quiz a été pris 412 fois
  • Le résultat moyen est 188 sur 196
Réponses sur la Carte
Les réponses sont colorées sur une échelle allant du rouge au vert en fonction du pourcentage des utilisateurs qui les ont devinées à leur premier essai. Vous pouvez retrouver ces pourcentages ci-dessous.
 
Statistiques - réponses
Pays % Correct
A
99%
a
99%
É
99%
E
99%
e
99%
I
97%
C
96%
c
96%
M
96%
m
96%
R
96%
r
96%
S
96%
s
96%
T
96%
t
96%
z
96%
B
95%
D
95%
F
95%
u
95%
G
94%
J
94%
L
94%
n
94%
y
94%
H
93%
K
93%
o
93%
p
93%
v
93%
q
92%
Aucun quiz correspondant
Distribution des résultats
% des personnes avec chaque résultat
Percentile par nombre de réponses
Votre historique - résultats
Vous n’avez pas pris ce quiz